00491nam a22001457a 4500020001800000040000900018082001700027100002400044245006900068260003000137650004100167942001200208999001900220952010600239 a9783319544120 cNust a629.892bCOR aCorke, Peter934979 aRobotics, Vision and Control:bFundamentals Algorithms in Matlab aBerlin:bSpringer,c2017. aRobotics, Vision and Control9123342 2ddccBK c609565d609565 00102ddc4070aCEMEbCEMEcGENd2024-06-07l0o629.892 CORpCEME- 49318r2024-06-07w2024-06-07yBK